| 000 | 00482nam a2200169 a 4500 | ||
|---|---|---|---|
| 005 | 20140310183316.0 | ||
| 008 | 051116s19uu xx 00 eng d | ||
| 020 | _a0781763657 | ||
| 050 |
_aRM 147 _b.M434 2003 |
||
| 245 |
_aMedication administration : _bmade incredibly easy! / |
||
| 260 |
_aPhiladelphia : _bLippincott Williams & Wilkins, _c2003. |
||
| 300 |
_avi, 361 p. : _bill. ; _c23 cm. |
||
| 521 | _aNUR | ||
| 650 | _aMedication. | ||
| 942 |
_cBK _2lcc _kFOR |
||
| 999 |
_c21283 _d21283 |
||